000 01020cam a22002415a 4500
001 L146585
008 090205s2008 xxk f 000 0 eng d
020 _a9780728204607
035 _a(Sirsi) u146585
041 0 _aeng
050 0 4 _a332.6324 $2 18
245 0 4 _aThe property finance sourcebook 2008
250 _a5th ed.
260 _aLondon
_bEG Books
_c2008
300 _axl, 313p.
_c25cm.
505 2 _aIntroduction -- Glossary of terms -- Lender indices -- Company listings
521 _aA directory of UK and overseas lenders which provides information on lenders in the UK commercial property industry, together with detailed loan criteria. Identifies who the lenders are, namely corporate and private banks, building societies, and private mortgage providers, and what type of finance each company caters for.
590 _aKA
651 4 _aInternational
690 _aPROPERTY-COMMERCIAL PROPERTY-COMMERCIAL PROPERTY FINANCE AND INVESTMENT
700 1 _aGotzen, Richard von
_eEditor
942 _n0
999 _c109230
_d109230